| 000 | 00684nam a2200241 a 4500 | ||
|---|---|---|---|
| 008 | |||
| 020 | _a0443074100 (pbk.) | ||
| 049 | _aMAIN | ||
| 090 |
_aRC685.A65 _bJEN |
||
| 100 | 1 | _aJenkins, Richard Dean. | |
| 245 | 1 | 0 |
_aECGs by example / _cRichard Dean Jenkins, and Stephen John Gerred. |
| 250 | _a2nd ed. | ||
| 260 |
_aEdinburgh : _bElsevier, _c2005. |
||
| 300 |
_aviii, 223 p. : _bill. ; _c28 cm. |
||
| 500 | _aIncludes index. | ||
| 650 | 1 | _aCardiography | |
| 700 | _aGerred, Stephen John. | ||
| 907 |
_a.b10262933 _b09-09-09 _c26-05-09 |
||
| 003 | |||
| 005 | 20230123124936.0 | ||
| 040 | _cNUST | ||
| 942 |
_cBOOKS _kRC685.A65 _mJEN |
||
| 999 |
_c132959 _d132959 |
||